000 00710nam a2200181 a 4500
001 000035879
005 20200930074704.0
008 111115s1957 mx 000 0 spa d
040 _aDO-SdBNP
_bspa
_cBNPHU
082 _axxx
_bK82m
100 1 _aKonstantinov, F. V.
_947152
245 1 3 _aEl materialismo histórico /
_cF. V. Konstantinov ; traducción directa del ruso Wenceslao Roces y Adolfo Sánchez Vázquez.
260 _aMéxico :
_bGrijalbo
_bAcademia de Ciencias de la U.R.S.S.,
_c1957.
300 _axii, 446 p. ;
_c22 cm.
590 _aPerteneció a la biblioteca personal de Juan Isidro Jimenes Grullón.
700 1 _aRoces, Wenceslao,
_etr.
_931367
700 1 _aSánchez Vázquez, Adolfo,
_etr.
_95417
999 _c35370
_d35370